Marine mammal mortality assessment in the Caribbean and the newly established caribbean stranding network (Registro nro. 9471)

Detalles MARC
000 -CABECERA
Campo de control 007010000a22002050004500
090 ## - CLASIFICACIÓN LOCAL
Colección AR
Consecutivo 00373
041 0# - IDIOMA
Código de idioma para texto/pista de sonido o título separado
100 1# - ASIENTO PRINCIPAL--NOMBRE PERSONAL
Nombre personal Mignucci Giannoni, Antonio A.
245 10 - MENCION DE TITULO
Título Marine mammal mortality assessment in the Caribbean and the newly established caribbean stranding network
650 14 - ASIENTO SECUNDARIO DE MATERIA - TERMINO TEMATICO
Término temático o nombre geográfico como elemento de entrada Mamíferos acuáticos
650 14 - ASIENTO SECUNDARIO DE MATERIA - TERMINO TEMATICO
Término temático o nombre geográfico como elemento de entrada Mortalidad
650 14 - ASIENTO SECUNDARIO DE MATERIA - TERMINO TEMATICO
Término temático o nombre geográfico como elemento de entrada Habitat animal
650 14 - ASIENTO SECUNDARIO DE MATERIA - TERMINO TEMATICO
Término temático o nombre geográfico como elemento de entrada Conservación de especies
653 ## - TERMINO DE INDIZACION - NO CONTROLADO
-- Trichechus
-- Trichechus manatus
-- Manati
700 1# - ASIENTO SECUNDARIO - NOMBRE PERSONAL
Nombre personal Montoya Ospina, Ruby A.
700 1# - ASIENTO SECUNDARIO - NOMBRE PERSONAL
Nombre personal Pinto Rodríguez, Benito
700 1# - ASIENTO SECUNDARIO - NOMBRE PERSONAL
Nombre personal Williams, Ernest H.
773 1# - Item fuente:
Título Preprint
Especificación de materiales 3
Paginas del Articulo 1-4
Lugar, editorial y fecha de publicación 1991
942 ## - ELEMENTOS ADICIONALES (KOHA)
Tipo de ítem Artículo
Existencias
Withdrawn status Lost status Damaged status No para préstamo Colección Ubicación Permanente Ubicación actual Fecha de adquisición Datos de publicación Seriada Total Checkouts Número topográfico Inventario / Código de Barras Date last seen Ejemplar Price effective from Forma de adquisición Tipo de material
      No para Préstamo Hemeroteca Bogotá Bogotá 27/02/2015 Fuera de circulación   AR 00373 010627 25/03/2015 1 25/03/2015   Artículo